| 000 | 00811nam a2200301Ia 4500 | ||
|---|---|---|---|
| 001 | A9266 | ||
| 003 | IT-RoPAU | ||
| 008 | 130308s9999 xx 000 0 und d | ||
| 040 | _aIT-RoPAU | ||
| 040 | _cIT-RoPAU | ||
| 041 | _aITALIANO | ||
| 100 | _aBaldelli Pio | ||
| 100 | _gCodice Aut. SPICS: 9651 | ||
| 245 | _aMezzi di comunicazione di massa nel 1976 (I) | ||
| 245 | _bAnnuario 1978: Eventi del 1976-77 | ||
| 250 | _a1a ed. | ||
| 260 | _aVENEZIA | ||
| 260 | _bLa Biennale | ||
| 260 | _c1979 [1° Ed.:1979 - Ed.Ling.Originale:1977] | ||
| 300 | _a"9 p. (prefazione: no ; testo: 9 [pagine: 1298-1306])" | ||
| 500 | _aRassegne dell'Anno. | ||
| 650 | _aMANIFESTAZIONI CINEMATOGRAFICHE | ||
| 650 | _eCodice materia Spics: 6815 | ||
| 942 | _cBK | ||
| 957 | _71 | ||
| 999 |
_c56604 _d56604 |
||
| 999 | _bSI | ||
| 999 | _g1 | ||